| Tag |
First Indicator |
Second Indicator |
Subfields |
| LEADER |
00000cam a2200000Ia 4500 |
| 001 |
in00002013019 |
| 005 |
20151031143327.0 |
| 008 |
040316s2004 enka b 001 0 eng d |
| 015 |
|
|
|a GB A4-Y1430
|
| 020 |
|
|
|a 1852853891
|
| 020 |
|
|
|a 1852853735 (cover)
|
| 035 |
|
|
|a (OCoLC)ocm55970638
|
| 040 |
|
|
|a EQO
|c EQO
|d OUN
|d GZM
|d TXA
|d UtOrBLW
|
| 049 |
|
|
|a TXAM
|
| 082 |
0 |
|
|a 942.107
|2 22
|
| 090 |
|
|
|a HN398.L7
|b S46 2004x
|
| 090 |
|
|
|a HN398.L7
|b S48 2004
|
| 100 |
1 |
|
|a Shoemaker, Robert Brink.
|
| 245 |
1 |
4 |
|a The London mob :
|b violence and disorder in eighteenth-century England /
|c Robert B. Shoemaker.
|
| 264 |
|
1 |
|a London ;
|a New York :
|b Hambledon and London,
|c 2004.
|
| 300 |
|
|
|a xv, 393 pages :
|b illustrations ;
|c 24 cm.
|
| 336 |
|
|
|a text
|b txt
|2 rdacontent
|
| 337 |
|
|
|a unmediated
|b n
|2 rdamedia
|
| 338 |
|
|
|a volume
|b nc
|2 rdacarrier
|
| 504 |
|
|
|a Includes bibliographical references (pages [365]-374) and index.
|
| 650 |
|
0 |
|a Violence
|z England
|z London
|x History
|y 18th century.
|
| 650 |
|
0 |
|a Riots
|z England
|z London
|x History
|y 18th century.
|
| 651 |
|
0 |
|a London (England)
|x History
|y 18th century.
|
| 994 |
|
|
|a C0
|b TXA
|
| 948 |
|
|
|a cataloged
|b h
|c 2004/11/22
|d c
|e bhartsfi
|f 9:08:02 am
|
| 999 |
|
|
|a MARS
|
| 999 |
f |
f |
|s 044f4a7a-4825-3a1f-b366-387d1a4ee648
|i 35de4f80-8430-34c5-a044-05957606fabb
|t 0
|
| 952 |
f |
f |
|p normal
|a Texas A&M University
|b College Station
|c Sterling C. Evans Library
|d Evans: Library Stacks
|t 0
|e HN398.L7 S48 2004
|h Library of Congress classification
|i unmediated -- volume
|m A14831646666
|
| 998 |
f |
f |
|a HN398.L7 S48 2004
|t 0
|l Evans: Library Stacks
|